00219nam a2200085Ia 4500008004100000100001800041245002600059260003900085260000900124170620s9999 xx 000 0 und d aSharma- A. S. 0aCounseling Psychology bNew Delhi- Commonwealth Publishers c2006